Vista normal
Vista MARC
Entrada Personal Name
Número de registros utilizados en: 2
001 - CONTROL NUMBER
- control field: 16941
003 - CONTROL NUMBER IDENTIFIER
- control field: DLC
005 - DATE AND TIME OF LATEST TRANSACTION
- control field: 20250610164653.0
008 - FIXED-LENGTH DATA ELEMENTS
- fixed length control field: 870916n| azannaabn |a aaa c
010 ## - LIBRARY OF CONGRESS CONTROL NUMBER
- LC control number: n 87912056
035 ## - SYSTEM CONTROL NUMBER
- System control number: (OCoLC)oca01942103
040 ## - CATALOGING SOURCE
- Original cataloging agency: MdU
- Language of cataloging: spa
- Description conventions: rda
- Transcribing agency: Mx-PuUPA
- Modifying agency: OCoLC
- Modifying agency: UPB
- Modifying agency: OCoLC
- Modifying agency: Mx-PuUPA
046 ## - SPECIAL CODED DATES
- Birth date: 19000507
- Death date: 19901127
- Source of date scheme: edtf
100 1# - HEADING--PERSONAL NAME
- Personal name: Hirschberger, Johannes,
- Dates associated with a name: 1900-1990
370 ## - ASSOCIATED PLACE
- Place of birth: Franconia (Alemania)
- Place of death: Oberreifenberg (Schmitten, Alemania)
- Source of term: naf
374 ## - OCCUPATION
- Occupation: Teólogo
- Occupation: Filólogo
- Occupation: Historiador de la filosofía
- Occupation: Filósofo
- Occupation: Autor
- Source of term: lcsh
375 ## - GENDER
- Gender: hombre
- Source of term: lcdgt
377 ## - ASSOCIATED LANGUAGE
- Language code: ger
400 1# - SEE FROM TRACING--PERSONAL NAME
- Personal name: Hirschberger, Johannes,
- Dates associated with a name: 1900-1990
670 ## - SOURCE DATA FOUND
- Source citation: His Geschichte der Philosophie, 1957-58:
- Information found: t.p., v. 1 (Johannes Hirschberger)
670 ## - SOURCE DATA FOUND
- Source citation: LC data base, 9/3/87
- Information found: (hdg.: Hirschberger, Johannes)
670 ## - SOURCE DATA FOUND
- Source citation: Wikipedia, German, May 25, 2021
- Information found: (Johannes Hirschberger; Johannes Hirschberger (born May 7, 1900 in Österberg, Central Franconia; died November 27, 1990 in Oberreifenberg) was a German Catholic theologian, philologist, historian of philosophy and philosopher; he became famous for his Geschichte der Philosophie (History of Philosophy) in two volumes (1949-1952); it is considered a standard work in the history of philosophy and has been published over eighty times and has been translated into nine languages)